Hit Girl Vol 3: Rome /

HIT-GIRL 'S IN ROME. Mindy 's racing around the Italian city in hot pursuit of a cargo thief. When she finally gets hold of the stolen package a bejeweled human skull she uncovers a macabre story that leads her deep into the dark, criminal underbelly of Rome.Collects HIT-GIRL #9-12

Bibliographic Details
Corporate Author: Library Pass, LLC
Other Authors: Scavone, Rafael (writer.)
Format: eBook
Language:English
Published: [United States] : Image Comics Incorporated, 2022.
Subjects:
Online Access:Connect to this electronic book (First time users create your free account)

MARC

Tag First Indicator Second Indicator Subfields
LEADER 00000nmm a22000001a 4500
001 in00004607821
006 m|||||o||m||||||||
007 cr|cn |||uuuuu
008 221118s2022 xxu||||eo|||| ||||||eng d
005 20221207212930.0
035 |a (TxWaIVM)IV90693ImHi 
040 |a TxWaIVM  |c TxWaIVM 
245 0 0 |a Hit Girl Vol 3: Rome /  |c powered by Library Pass. 
260 3 |a [United States] :  |b Image Comics Incorporated,  |c 2022. 
300 |a 1 online resource. 
336 |a text  |b txt  |2 rdacontent 
337 |a computer  |b c  |2 rdamedia 
338 |a online resource  |b cr  |2 rdacarrier 
520 |a HIT-GIRL 'S IN ROME. Mindy 's racing around the Italian city in hot pursuit of a cargo thief. When she finally gets hold of the stolen package a bejeweled human skull she uncovers a macabre story that leads her deep into the dark, criminal underbelly of Rome.Collects HIT-GIRL #9-12 
521 |a 3 
538 |a Requires a valid library card and registration for new users. 
538 |a Mode of access: World Wide Web. 
538 |a System requirements: Flash 10.1 or higher, Windows XP and higher, Internet Explorer 7 and higher, Firefox 3.6 and higher, Google Chrome; Max OS 10.5 and higher, Safari 4 and higher. 
650 0 |a Movie & TV 
655 7 |a Electronic books.  |2 local 
655 7 |a Movie & TV  |2 gsafd 
650 0 |a Suspense comic books, strips, etc. 
655 7 |a Suspense comic books, strips, etc.  |2 gsafd 
700 1 |a Scavone, Rafael.  |e writer. 
700 1 |a Albuquerque, Rafael.  |e artist. 
710 2 |a Library Pass, LLC. 
856 4 0 |u http://proxy.library.tamu.edu/login?url=https://tamu.librarypass.com/product/image.comics.inc.hitgirl.vol.3.rome.english.10102022  |z Connect to this electronic book (First time users create your free account)  |t 0 
955 |a Comics Plus. 
999 f f |s 053ea330-2cdf-449c-86dd-d39abcb91b1c  |i 844f45ba-40b3-412f-b05f-00dde55c898d  |t 0 
952 f f |a Texas A&M University  |b College Station  |c Electronic Resources  |d Available Online  |t 0  |h Library of Congress classification 
998 f f |t 0  |l Available Online